[Event "Copa Latina 2015"]
[Site "Vicente Lopez ARG"]
[Date "2015.03.23"]
[Round "7.10"]
[White "Salinas Herrera, Pablo"]
[Black "Perez Gormaz, Matias"]
[Result "1-0"]
[WhiteElo "2440"]
[BlackElo "2349"]
[PlyCount "153"]
[EventDate "2015.03.19"]
[EventType "swiss"]
[EventRounds "9"]
[EventCountry "ARG"]
[Source "lmi"]
[SourceDate "2015.03.19"]

1. Nf3 d5 2. d4 Nf6 3. c4 e6 4. Nc3 Bb4 5. cxd5 exd5 6. Bg5 h6 7. Bxf6 Qxf6 8.
Qa4+ Nc6 9. e3 O-O 10. Be2 Be6 11. O-O a6 12. Rfc1 Bd6 13. a3 Rfe8 14. b4 b5
15. Qd1 Ne7 16. g3 Bf5 17. Nd2 Bh7 18. Nb3 c6 19. Bg4 Nf5 20. Qf3 Re6 21. Na5
Bf8 22. Ne2 Ne7 23. Qxf6 Rxf6 24. Rc3 Ra7 25. Nc1 Rd6 26. Ncb3 Bg6 27. Rac1 f5
28. Bf3 Be8 29. Nc5 g6 30. Kf1 Bg7 31. Ke2 h5 32. h4 Kh7 33. Kd2 Rf6 34. Nd3
Re6 35. Bd1 Kh6 36. Bb3 Kh7 37. Bd1 Kh6 38. a4 Kh7 39. Ra3 Nc8 40. Rac3 Ne7 41.
Bb3 Kh8 42. Ra1 Kh7 43. Nc5 Rf6 44. Nab7 Nc8 45. axb5 axb5 46. Rxa7 Nxa7 47.
Nd3 Bf8 48. Ba2 Rf7 49. Na5 Rf6 50. Kc2 Bd7 51. Kb3 Be8 52. Ne5 Re6 53. Bb1 Bg7
54. Nf3 Kg8 55. Bd3 Kf8 56. Rc2 Bf6 57. Ng1 Be7 58. Ne2 Rd6 59. Nb7 Rd7 60. Nc5
Rd6 61. Ra2 Nc8 62. Ra6 Rf6 63. Ra8 Bxc5 64. dxc5 Ne7 65. Nd4 Kf7 66. Ra7 Kf8
67. Rc7 Kf7 68. Nf3 Re6 69. Ng5+ Kf6 70. Kc3 Bf7 71. Kd4 Be8 72. Nxe6 Kxe6 73.
f3 Bd7 74. e4 fxe4 75. fxe4 Be8 76. Rxe7+ Kxe7 77. exd5 1-0

[Event "Copa Latina 2015"]
[Site "Vicente Lopez ARG"]
[Date "2015.03.23"]
[Round "7.14"]
[White "Gemy, Jose Daniel"]
[Black "Aguilar, Andres"]
[Result "1-0"]
[WhiteElo "2406"]
[BlackElo "2236"]
[PlyCount "107"]
[EventDate "2015.03.19"]
[EventType "swiss"]
[EventRounds "9"]
[EventCountry "ARG"]
[Source "lmi"]
[SourceDate "2015.03.19"]

1. Nf3 c5 2. e3 g6 3. Be2 Bg7 4. d4 Nf6 5. O-O Qc7 6. b3 d5 7. Bb2 Nbd7 8. Nbd2
O-O 9. Rc1 b6 10. c4 dxc4 11. Bxc4 Bb7 12. Qe2 e6 13. Ba6 Bxa6 14. Qxa6 Qc8 15.
Qe2 Qb7 16. Ne5 cxd4 17. exd4 b5 18. Rfe1 a6 19. Nc6 Nd5 20. Ne4 N7f6 21. Rc5
Nxe4 22. Qxe4 Rfc8 23. Rec1 Bf8 24. Nb4 Rd8 25. Nc6 Rdc8 26. R5c2 Bd6 27. h4
Rc7 28. Na5 Qb6 29. Rxc7 Bxc7 30. Nc6 Bd6 31. Ne5 Qd8 32. Rc6 Ra7 33. g3 a5 34.
Qe2 Rb7 35. a3 Kg7 36. h5 Rb6 37. h6+ Kg8 38. Qc2 Rxc6 39. Qxc6 b4 40. a4 Bf8
41. Bc1 Nc3 42. Be3 Nd5 43. Qb7 Qe7 44. Qa8 Qc7 45. Nc4 Nxe3 46. Nxe3 Qc1+ 47.
Kg2 Qc3 48. d5 Qc5 49. dxe6 fxe6 50. Nc4 Kf7 51. f4 Bxh6 52. Ne5+ Kg7 53. Qb7+
Kh8 54. Nf7+ 1-0

[Event "Copa Latina 2015"]
[Site "Vicente Lopez ARG"]
[Date "2015.03.23"]
[Round "7.23"]
[White "Bernal, Gustavo"]
[Black "Rodriguez Vila, Andres"]
[Result "0-1"]
[WhiteElo "2132"]
[BlackElo "2492"]
[PlyCount "62"]
[EventDate "2015.03.19"]
[EventType "swiss"]
[EventRounds "9"]
[EventCountry "ARG"]
[Source "lmi"]
[SourceDate "2015.03.19"]

1. d4 e6 2. c4 c5 3. d5 Nf6 4. Nc3 exd5 5. cxd5 Bd6 6. e4 O-O 7. Bd3 Re8 8. Bg5
Nxe4 9. Bxe4 Qxg5 10. Nge2 a6 11. a4 Qh4 12. Qd3 Be5 13. g3 Qh3 14. O-O-O d6
15. f4 Bf6 16. Rd2 b5 17. Nd1 c4 18. Qc2 Nd7 19. Nf2 Qh5 20. g4 Qh4 21. Ng1 Nc5
22. Nf3 Nb3+ 23. Kb1 Nxd2+ 24. Qxd2 Qh6 25. g5 Qh5 26. Qc2 Bd8 27. Re1 Bd7 28.
Ka1 Rc8 29. Nd4 Bb6 30. Nc6 Bxc6 31. dxc6 d5 0-1

[Event "Copa Latina 2015"]
[Site "Vicente Lopez ARG"]
[Date "2015.03.23"]
[Round "7.26"]
[White "Leon, Juan Carlos"]
[Black "Arias, Juan Cruz"]
[Result "0-1"]
[WhiteElo "2265"]
[BlackElo "2006"]
[PlyCount "56"]
[EventDate "2015.03.19"]
[EventType "swiss"]
[EventRounds "9"]
[EventCountry "ARG"]
[Source "lmi"]
[SourceDate "2015.03.19"]

1. e4 e6 2. d4 d5 3. Nd2 Nf6 4. e5 Nfd7 5. Bd3 c5 6. c3 b5 7. Bxb5 Qb6 8. Qa4
a6 9. Be2 Nc6 10. Ngf3 Be7 11. O-O cxd4 12. cxd4 g5 13. h3 h5 14. g4 hxg4 15.
hxg4 f5 16. exf6 Bxf6 17. Qc2 Nxd4 18. Nxd4 Qxd4 19. Nb3 Qe4 20. Qxe4 dxe4 21.
Be3 Bb7 22. Nd4 Ke7 23. Rac1 Bd5 24. b3 Rh4 25. Rfd1 Rah8 26. Bf1 Rh1+ 27. Kg2
R8h2+ 28. Kg3 Be5+ 0-1

[Event "Copa Latina 2015"]
[Site "Vicente Lopez ARG"]
[Date "2015.03.23"]
[Round "7.34"]
[White "Galleto, Ricardo"]
[Black "Lopez, Diego"]
[Result "1-0"]
[WhiteElo "1986"]
[BlackElo "2102"]
[PlyCount "59"]
[EventDate "2015.03.19"]
[EventType "swiss"]
[EventRounds "9"]
[EventCountry "ARG"]
[Source "lmi"]
[SourceDate "2015.03.19"]

1. e4 c5 2. Nf3 e6 3. Nc3 a6 4. d4 cxd4 5. Nxd4 Qc7 6. Bd3 Nc6 7. Nxc6 bxc6 8.
O-O Nf6 9. Bg5 Be7 10. f4 Qb6+ 11. Kh1 Qxb2 12. Na4 Qb4 13. c3 Qa5 14. e5 Nd5
15. Bxe7 Nxe7 16. Rb1 Nd5 17. Qb3 O-O 18. c4 Ne7 19. Qc2 h6 20. Nc3 Nf5 21. Ne4
Qd8 22. g4 Ne3 23. Qf2 Nxf1 24. g5 f5 25. gxf6 d5 26. Nd6 dxc4 27. Bxc4 Nd2 28.
Qxd2 Ra7 29. Rg1 Rff7 30. Qg2 1-0

[Event "Copa Latina 2015"]
[Site "Vicente Lopez ARG"]
[Date "2015.03.23"]
[Round "7.39"]
[White "Kapitanchuk, Tomas"]
[Black "Mafra, Kaiser Luiz"]
[Result "0-1"]
[WhiteElo "2031"]
[BlackElo "2212"]
[PlyCount "82"]
[EventDate "2015.03.19"]
[EventType "swiss"]
[EventRounds "9"]
[EventCountry "ARG"]
[Source "lmi"]
[SourceDate "2015.03.19"]

1. e4 e5 2. Nf3 Nf6 3. Nxe5 d6 4. Nf3 Nxe4 5. d4 d5 6. Bd3 Bd6 7. O-O O-O 8. c4
Bg4 9. Re1 Bxh2+ 10. Kxh2 Nxf2 11. Bxh7+ Kxh7 12. Qe2 Ne4 13. cxd5 Bxf3 14.
Qxf3 Qh4+ 15. Qh3 Qxh3+ 16. gxh3 f5 17. Nc3 Nd7 18. Nb5 c6 19. dxc6 bxc6 20.
Nc3 Ndf6 21. Bf4 Nh5 22. Be5 Nd2 23. Kg2 Nc4 24. b3 Nxe5 25. Rxe5 Nf4+ 26. Kg3
Nd3 27. Re6 Rae8 28. Rxc6 Re3+ 29. Kg2 f4 30. Nd5 f3+ 31. Kf1 Re2 32. Rc3 Rf2+
33. Kg1 Rg2+ 34. Kf1 Rh2 35. Kg1 Rxh3 36. Rf1 Rg3+ 37. Kh2 Rg2+ 38. Kh3 Nf2+
39. Rxf2 Rxf2 40. Ne3 Rxa2 41. Rc1 Re2 0-1

[Event "Copa Latina 2015"]
[Site "Vicente Lopez ARG"]
[Date "2015.03.23"]
[Round "7.50"]
[White "Dastugue, Raul"]
[Black "Lo Presti, Roberto"]
[Result "1-0"]
[WhiteElo "2054"]
[BlackElo "1950"]
[PlyCount "57"]
[EventDate "2015.03.19"]
[EventType "swiss"]
[EventRounds "9"]
[EventCountry "ARG"]
[Source "lmi"]
[SourceDate "2015.03.19"]

1. Nf3 f5 2. g3 Nf6 3. Bg2 e6 4. c4 d5 5. d4 c6 6. Nbd2 Bd6 7. b3 O-O 8. Bb2
Nbd7 9. O-O Qe7 10. Rc1 Ne4 11. e3 Ndf6 12. Qe2 Bd7 13. Ne5 Be8 14. f3 Nxd2 15.
Qxd2 Nd7 16. Nd3 Bg6 17. Bc3 Rad8 18. Rfd1 dxc4 19. bxc4 e5 20. f4 exd4 21.
exd4 Nf6 22. Nf2 Rfe8 23. Rb1 Qf7 24. Bb4 Qxc4 25. Bxd6 Rxd6 26. Rxb7 Re2 27.
Bf1 Rde6 28. Bxe2 Rxe2 29. Qd3 1-0

[Event "Copa Latina 2015"]
[Site "Vicente Lopez ARG"]
[Date "2015.03.23"]
[Round "7.58"]
[White "Montes De Oca, Juan"]
[Black "Lopez, Cesar (per)"]
[Result "1/2-1/2"]
[WhiteElo "2071"]
[BlackElo "1686"]
[PlyCount "72"]
[EventDate "2015.03.19"]
[EventType "swiss"]
[EventRounds "9"]
[EventCountry "ARG"]
[Source "lmi"]
[SourceDate "2015.03.19"]

1. Nf3 d5 2. c4 d4 3. d3 Nc6 4. e3 e5 5. a3 a5 6. exd4 exd4 7. Bf4 h6 8. Be2
Nf6 9. Ne5 Nxe5 10. Bxe5 Be7 11. O-O O-O 12. Bf3 Ra6 13. Nd2 c5 14. Re1 Bd6 15.
Qa4 Bd7 16. Qc2 Bc6 17. Bxc6 Rxc6 18. Bxf6 Qxf6 19. Ne4 Qd8 20. Qd2 Bc7 21. b4
b6 22. bxc5 bxc5 23. Qe2 Re6 24. Qf3 Rfe8 25. g3 Re5 26. Reb1 f5 27. Nd2 Qg5
28. Nf1 Kh7 29. h4 Qf6 30. Rb7 R8e7 31. Kg2 g5 32. hxg5 hxg5 33. g4 Qg6 34.
Qh3+ Kg7 35. Nh2 fxg4 36. Nxg4 Rf5 1/2-1/2

[Event "Copa Latina 2015"]
[Site "Vicente Lopez ARG"]
[Date "2015.03.23"]
[Round "7.59"]
[White "Cisneros, German"]
[Black "Fuentes, Diego"]
[Result "1-0"]
[WhiteElo "1981"]
[BlackElo "1570"]
[PlyCount "60"]
[EventDate "2015.03.19"]
[EventType "swiss"]
[EventRounds "9"]
[EventCountry "ARG"]
[Source "lmi"]
[SourceDate "2015.03.19"]

1. d4 d5 2. Nf3 Nf6 3. c4 e6 4. Nc3 c6 5. Bg5 Nbd7 6. e3 Qa5 7. Nd2 Bb4 8. Qc2
Ne4 9. Ndxe4 dxe4 10. Bf4 Bxc3+ 11. bxc3 O-O 12. Be2 f5 13. Bd6 Rf7 14. O-O Qd8
15. c5 Nf6 16. c4 Ne8 17. Be5 Nf6 18. Rad1 Rd7 19. f3 exf3 20. Bxf3 Rf7 21. e4
g6 22. d5 Qa5 23. dxc6 bxc6 24. exf5 Qxc5+ 25. Bd4 Qxf5 26. Qc3 Ne4 27. Qe3 Nd6
28. Bxc6 Nxc4 29. Qc3 Qg4 30. Bxa8 Bb7 1-0

[Event "Copa Latina 2015"]
[Site "Vicente Lopez ARG"]
[Date "2015.03.23"]
[Round "7.16"]
[White "Malbran, Guillermo"]
[Black "Paveto, Kevin"]
[Result "1/2-1/2"]
[WhiteElo "2250"]
[BlackElo "2397"]
[PlyCount "156"]
[EventDate "2015.03.19"]
[EventType "swiss"]
[EventRounds "9"]
[EventCountry "ARG"]
[Source "lmi"]
[SourceDate "2015.03.19"]

1. e4 e5 2. Nf3 Nc6 3. Bb5 f5 4. Bxc6 dxc6 5. Nc3 Nf6 6. Qe2 fxe4 7. Nxe4 Bg4
8. h3 Bxf3 9. Qxf3 Qd5 10. d3 O-O-O 11. O-O Be7 12. Re1 Rhe8 13. Qf5+ Qd7 14.
Qxd7+ Rxd7 15. Bd2 Nd5 16. Re2 c5 17. a3 Bd6 18. Rae1 Rf8 19. Ng5 h6 20. Nf3
Nf4 21. Re3 Nd5 22. Re4 Rdf7 23. R1e2 Nf4 24. Bxf4 exf4 25. Kf1 b6 26. a4 Kb7
27. Re8 Ka6 28. Rxf8 Rxf8 29. Re4 Rf6 30. Nd2 g5 31. f3 c6 32. Re1 b5 33. Ra1
Kb6 34. c4 bxa4 35. Rxa4 Be5 36. Ne4 Rf7 37. Ra3 Bd4 38. Ke2 Rg7 39. Nd6 Re7+
40. Ne4 a5 41. Rb3+ Ka6 42. Rb8 Ka7 43. Rb3 Re8 44. Kd2 Rd8 45. Ra3 Ka6 46. Kc2
h5 47. b3 Rg8 48. g4 fxg3 49. Nxg3 Rf8 50. Ne4 Rxf3 51. Nxg5 Rg3 52. Ne6 Rg2+
53. Kd1 Kb6 54. Nf4 Rg1+ 55. Ke2 h4 56. Kf3 Rg3+ 57. Ke4 Be3 58. Ng6 Rxg6 59.
Kxe3 Rg3+ 60. Kf4 Rxh3 61. Kg4 Rh1 62. Kg5 Rh3 63. Kg4 Rxd3 64. Kxh4 a4 65.
Rxa4 Rxb3 66. Ra1 Rb4 67. Kg3 Rxc4 68. Kf3 Rh4 69. Ke3 c4 70. Kd2 Rh3 71. Kc2
Kc5 72. Ra8 c3 73. Ra4 Kb5 74. Rg4 c5 75. Rf4 Kc6 76. Rf6+ Kd5 77. Rf4 c4 78.
Rf8 Kc5 1/2-1/2

[Event "Copa Latina 2015"]
[Site "Vicente Lopez ARG"]
[Date "2015.03.23"]
[Round "7.17"]
[White "Uelf, Maximiliano"]
[Black "Pierrot, Facundo"]
[Result "1-0"]
[WhiteElo "2207"]
[BlackElo "2380"]
[PlyCount "94"]
[EventDate "2015.03.19"]
[EventType "swiss"]
[EventRounds "9"]
[EventCountry "ARG"]
[Source "lmi"]
[SourceDate "2015.03.19"]

1. Nf3 c5 2. c3 Nf6 3. g3 g6 4. Bg2 Bg7 5. O-O O-O 6. d4 cxd4 7. Nxd4 d6 8. e4
a6 9. Nd2 Qc7 10. a4 Nc6 11. Nxc6 bxc6 12. Qe2 a5 13. Rd1 Ba6 14. Qf3 Nd7 15.
Bf1 Bb7 16. Qe2 Nc5 17. Ra3 d5 18. Qe3 Nxe4 19. Nxe4 dxe4 20. Bg2 f5 21. f3
Rad8 22. Re1 exf3 23. Qe6+ Rf7 24. Bxf3 Rd6 25. Qc4 e5 26. Rb3 Bc8 27. Qc5 Bf8
28. Qb6 Qxb6+ 29. Rxb6 e4 30. Rb8 Rd8 31. Be2 Bc5+ 32. Kg2 Rb7 33. Bc4+ Kg7 34.
Bf4 Rxb8 35. Bxb8 Be6 36. Bxe6 Rxb8 37. b3 Kf6 38. Bc4 Rd8 39. Kf1 Rd2 40. Re2
Rxe2 41. Kxe2 g5 42. Ba6 Ke5 43. Bb7 Kd5 44. c4+ Ke5 45. Bxc6 f4 46. gxf4+ gxf4
47. Kf1 f3 1-0

[Event "Copa Latina 2015"]
[Site "Vicente Lopez ARG"]
[Date "2015.03.23"]
[Round "7.18"]
[White "Sosa, Tomas"]
[Black "Ruperez, Miguel"]
[Result "1-0"]
[WhiteElo "2368"]
[BlackElo "2194"]
[PlyCount "75"]
[EventDate "2015.03.19"]
[EventType "swiss"]
[EventRounds "9"]
[EventCountry "ARG"]
[Source "lmi"]
[SourceDate "2015.03.19"]

1. e4 d6 2. d4 Nf6 3. Nc3 g6 4. Nf3 Bg7 5. Be2 O-O 6. O-O c6 7. a4 b6 8. Re1
Qc7 9. h3 e5 10. d5 cxd5 11. exd5 a6 12. Be3 h6 13. Nd2 Nbd7 14. Nc4 Rb8 15.
Qd2 Kh7 16. f4 Re8 17. Rf1 Nc5 18. fxe5 dxe5 19. d6 Qc6 20. Bf3 e4 21. Be2 Be6
22. Ne5 Qc8 23. Rad1 Rd8 24. Qe1 Ncd7 25. Nxd7 Rxd7 26. Qh4 Ne8 27. Nxe4 Bf5
28. Ng5+ Kg8 29. Nxf7 Rxf7 30. Bc4 Qd7 31. Bxf7+ Qxf7 32. d7 Qe6 33. dxe8=Q+
Rxe8 34. Bxh6 Bxb2 35. Rfe1 Be4 36. Rd8 Rxd8 37. Qxd8+ Kh7 38. Qh4 1-0

[Event "Copa Latina 2015"]
[Site "Vicente Lopez ARG"]
[Date "2015.03.23"]
[Round "7.25"]
[White "Perez, Maximiliamo"]
[Black "Puppi Lazo, Jorge Luis"]
[Result "1-0"]
[WhiteElo "2271"]
[BlackElo "2022"]
[PlyCount "91"]
[EventDate "2015.03.19"]
[EventType "swiss"]
[EventRounds "9"]
[EventCountry "ARG"]
[Source "lmi"]
[SourceDate "2015.03.19"]

1. e4 c5 2. Nf3 e6 3. d4 cxd4 4. Nxd4 Nc6 5. Nc3 Qc7 6. Be3 a6 7. Qd2 Nf6 8.
O-O-O Bb4 9. f3 O-O 10. g4 d6 11. g5 Nd7 12. a3 Bc5 13. Nb3 Bxe3 14. Qxe3 Rd8
15. h4 Nf8 16. h5 b5 17. f4 Rb8 18. h6 g6 19. Nd5 exd5 20. Qc3 Ne6 21. exd5 Ne7
22. dxe6 Qxc3 23. exf7+ Kxf7 24. bxc3 Bg4 25. Rd3 Bf5 26. Rd2 Rbc8 27. Kb2 Nd5
28. Rxd5 Be4 29. Rd1 Bxh1 30. Bh3 Bf3 31. Rf1 Be4 32. Bxc8 Rxc8 33. Nd4 Rc7 34.
Rd1 d5 35. Ra1 Rc4 36. Kb3 Ke7 37. Rf1 Bf5 38. Re1+ Be4 39. f5 gxf5 40. Nxf5+
Ke6 41. Nd4+ Ke5 42. Rf1 a5 43. Rf6 a4+ 44. Kb2 Bg2 45. Nc6+ Ke4 46. g6 1-0

[Event "Copa Latina 2015"]
[Site "Vicente Lopez ARG"]
[Date "2015.03.23"]
[Round "7.28"]
[White "Pernas, Agustin"]
[Black "Cuevas, Alex"]
[Result "1-0"]
[WhiteElo "2048"]
[BlackElo "2253"]
[PlyCount "59"]
[EventDate "2015.03.19"]
[EventType "swiss"]
[EventRounds "9"]
[EventCountry "ARG"]
[Source "lmi"]
[SourceDate "2015.03.19"]

1. e4 c5 2. Nf3 e6 3. d4 cxd4 4. Nxd4 a6 5. Nc3 b5 6. a3 Bb7 7. Bd3 Qb6 8. Nb3
Qc7 9. O-O Nf6 10. f4 d6 11. e5 dxe5 12. fxe5 Qxe5 13. Bf4 Qh5 14. Qd2 Nbd7 15.
Rae1 Bc5+ 16. Nxc5 Qxc5+ 17. Kh1 g5 18. Bxg5 Rg8 19. Rf5 Qd6 20. Re2 Bxg2+ 21.
Rxg2 exf5 22. Qe3+ Qe6 23. Qf3 O-O-O 24. Bxf5 Qe1+ 25. Rg1 Qe5 26. Bxf6 Rxg1+
27. Kxg1 Qe1+ 28. Kg2 Qd2+ 29. Kf1 Qc1+ 30. Nd1 1-0

[Event "Copa Latina 2015"]
[Site "Vicente Lopez ARG"]
[Date "2015.03.23"]
[Round "7.33"]
[White "Palu, Andres"]
[Black "Hernandez Amura, Gilberto"]
[Result "1-0"]
[WhiteElo "1995"]
[BlackElo "2102"]
[PlyCount "61"]
[EventDate "2015.03.19"]
[EventType "swiss"]
[EventRounds "9"]
[EventCountry "ARG"]
[Source "lmi"]
[SourceDate "2015.03.19"]

1. e4 c6 2. d4 d5 3. e5 Bf5 4. Bd3 Bxd3 5. Qxd3 e6 6. f4 c5 7. Nf3 Nc6 8. a3
Qb6 9. Nbd2 Nh6 10. c4 Rd8 11. b4 Nxd4 12. Nxd4 cxd4 13. c5 Qc7 14. Nf3 Be7 15.
Nxd4 O-O 16. Be3 Qd7 17. O-O f6 18. Rae1 fxe5 19. fxe5 Nf5 20. Nxf5 Rxf5 21.
Rxf5 exf5 22. Bd4 Qe6 23. Rf1 g6 24. Rc1 Bg5 25. Rc2 a6 26. c6 Qc8 27. c7 Rd7
28. Qc3 Kf8 29. Qc5+ Be7 30. Qb6 Ke8 31. Qe6 1-0

[Event "Copa Latina 2015"]
[Site "Vicente Lopez ARG"]
[Date "2015.03.23"]
[Round "7.35"]
[White "Alvarez, Alberto Elias"]
[Black "Carraro, Denise"]
[Result "1/2-1/2"]
[WhiteElo "1967"]
[BlackElo "2099"]
[PlyCount "91"]
[EventDate "2015.03.19"]
[EventType "swiss"]
[EventRounds "9"]
[EventCountry "ARG"]
[Source "lmi"]
[SourceDate "2015.03.19"]

1. e4 g6 2. d4 d6 3. Nc3 Bg7 4. f4 b6 5. Nf3 Nd7 6. Bd3 e6 7. O-O Ne7 8. Be3
O-O 9. Qd2 c5 10. Ne2 Nf6 11. c3 Ng4 12. Bf2 Nxf2 13. Rxf2 cxd4 14. Nfxd4 e5
15. Nc2 Bb7 16. f5 f6 17. Ng3 gxf5 18. Nxf5 Nxf5 19. Rxf5 d5 20. Qe2 dxe4 21.
Bxe4 Bxe4 22. Qxe4 Qd6 23. Ne3 Rad8 24. Qc4+ Kh8 25. Rd1 Qc5 26. Qxc5 Rxd1+ 27.
Nxd1 bxc5 28. Kf2 Bh6 29. Ke2 Kg7 30. g4 Rd8 31. Ne3 Rb8 32. Nc4 Bc1 33. Rf1
Bf4 34. h3 Rd8 35. Rf3 Kh6 36. h4 Rd7 37. Rd3 Rxd3 38. Kxd3 Bg3 39. Ke2 Kg6 40.
h5+ Kg5 41. Kf3 Bf4 42. Nd6 Bc1 43. b4 cxb4 44. cxb4 f5 45. Nxf5 Ba3 46. b5
1/2-1/2

[Event "Copa Latina 2015"]
[Site "Vicente Lopez ARG"]
[Date "2015.03.23"]
[Round "7.38"]
[White "Cabrera Pando, Ramiro"]
[Black "Caetano, Hugo Zanotti Mendon"]
[Result "1/2-1/2"]
[WhiteElo "2033"]
[BlackElo "2245"]
[PlyCount "30"]
[EventDate "2015.03.19"]
[EventType "swiss"]
[EventRounds "9"]
[EventCountry "ARG"]
[Source "lmi"]
[SourceDate "2015.03.19"]

1. d4 d5 2. c4 e6 3. Nc3 c6 4. e4 dxe4 5. Nxe4 Bb4+ 6. Bd2 Qxd4 7. Bxb4 Qxe4+
8. Be2 Qxg2 9. Qd6 Nd7 10. Bf3 Qg5 11. Ne2 Qe7 12. Qd2 c5 13. Bc3 Ngf6 14. Rg1
g6 15. O-O-O O-O 1/2-1/2

[Event "Copa Latina 2015"]
[Site "Vicente Lopez ARG"]
[Date "2015.03.23"]
[Round "7.44"]
[White "Nieva, Jose Luis"]
[Black "Inchausti, Pablo Ezequiel"]
[Result "1-0"]
[WhiteElo "1998"]
[BlackElo "2136"]
[PlyCount "85"]
[EventDate "2015.03.19"]
[EventType "swiss"]
[EventRounds "9"]
[EventCountry "ARG"]
[Source "lmi"]
[SourceDate "2015.03.19"]

1. d4 Nf6 2. c4 g6 3. Nc3 Bg7 4. e4 d6 5. Be2 O-O 6. Bg5 Na6 7. Qd2 e5 8. d5
Qe8 9. f3 Nc5 10. Bd1 a5 11. Bc2 Bd7 12. Nge2 h5 13. h3 Nh7 14. Bh6 c6 15. Bxg7
Kxg7 16. dxc6 bxc6 17. Qxd6 Nb7 18. Qc7 Rb8 19. O-O-O Nf6 20. g4 Be6 21. Qxe5
Bxc4 22. Qd4 Bxe2 23. Nxe2 c5 24. Qc3 Qb5 25. Nf4 Qb4 26. Qe5 Rfe8 27. Nxh5+
gxh5 28. Qg5+ Kf8 29. Qxf6 Rbd8 30. Qh8+ Ke7 31. Qxh5 Rd4 32. Qe5+ Kf8 33. Rxd4
cxd4 34. Qh8+ Ke7 35. Qh4+ Kf8 36. Rd1 Rd8 37. e5 Qc4 38. Qh8+ Ke7 39. Qf6+ Ke8
40. Kb1 Nc5 41. Qc6+ Kf8 42. Bd3 Qb4 43. a3 1-0

[Event "Copa Latina 2015"]
[Site "Vicente Lopez ARG"]
[Date "2015.03.23"]
[Round "7.46"]
[White "Siccardi, Pablo Daniel"]
[Black "Radoszta, Armando E"]
[Result "1-0"]
[WhiteElo "2071"]
[BlackElo "1994"]
[PlyCount "118"]
[EventDate "2015.03.19"]
[EventType "swiss"]
[EventRounds "9"]
[EventCountry "ARG"]
[Source "lmi"]
[SourceDate "2015.03.19"]

1. e4 c5 2. Nf3 Nc6 3. Bb5 Qc7 4. Bxc6 Qxc6 5. O-O e6 6. Re1 a6 7. d4 cxd4 8.
Nxd4 Qc7 9. Nc3 Ne7 10. Ndb5 axb5 11. Nxb5 Qa5 12. Nd6+ Kd8 13. Nxf7+ Ke8 14.
Nxh8 Qe5 15. Qf3 Qf6 16. Qh5+ g6 17. Qxh7 Qg7 18. Qxg7 Bxg7 19. Nxg6 Nxg6 20.
c3 Kf7 21. Be3 d6 22. Red1 Ra6 23. f3 Bd7 24. Bd4 e5 25. Be3 Be6 26. b3 Bf8 27.
c4 Be7 28. a4 Ra8 29. g3 Rg8 30. Kf2 Rh8 31. h4 Rh7 32. Rh1 Rh8 33. h5 Nf8 34.
g4 Nh7 35. a5 Ra8 36. Rhg1 Ng5 37. Rge1 Nh7 38. Rec1 Ra6 39. Ke2 Rc6 40. Ra2
Bd8 41. Rca1 Bc8 42. Bd2 Ng5 43. Rc1 Ne6 44. Be3 Nf4+ 45. Bxf4 exf4 46. Raa1
Bg5 47. Kd3 Be6 48. Ra4 Kg7 49. Rb4 Bc8 50. Rb5 Kh6 51. Ra1 Bf6 52. Ra4 Be5 53.
Rb6 Rc7 54. Ra2 Kg5 55. b4 Kh4 56. Rd2 Kg5 57. Ke2 Be6 58. c5 Bb3 59. c6 d5 1-0

[Event "Copa Latina 2015"]
[Site "Vicente Lopez ARG"]
[Date "2015.03.23"]
[Round "7.47"]
[White "Zimmermann, Kleber Renato P"]
[Black "Besso, Guadalupe"]
[Result "1/2-1/2"]
[WhiteElo "1946"]
[BlackElo "2065"]
[PlyCount "41"]
[EventDate "2015.03.19"]
[EventType "swiss"]
[EventRounds "9"]
[EventCountry "ARG"]
[Source "lmi"]
[SourceDate "2015.03.19"]

1. d4 d5 2. c4 e5 3. dxe5 d4 4. Nf3 Nc6 5. g3 Nge7 6. Bg2 Ng6 7. O-O Ncxe5 8.
Nbd2 Nxf3+ 9. Nxf3 Bc5 10. a3 a5 11. Bg5 f6 12. Bd2 a4 13. b4 axb3 14. Qxb3 O-O
15. Bb4 Qd6 16. Rfd1 Bg4 17. Bxc5 Qxc5 18. Qxb7 Ra7 19. Qb5 Ra5 20. Qxc5 Rxc5
21. Nxd4 1/2-1/2

[Event "Copa Latina 2015"]
[Site "Vicente Lopez ARG"]
[Date "2015.03.23"]
[Round "7.56"]
[White "Bruce, Shannon Hill"]
[Black "Echeguren, Martin"]
[Result "1-0"]
[WhiteElo "2112"]
[BlackElo "1737"]
[PlyCount "77"]
[EventDate "2015.03.19"]
[EventType "swiss"]
[EventRounds "9"]
[EventCountry "ARG"]
[Source "lmi"]
[SourceDate "2015.03.19"]

1. d4 Nf6 2. Nf3 g6 3. Bg5 d5 4. e3 Bg7 5. Nbd2 Nbd7 6. Be2 O-O 7. O-O c6 8. c4
dxc4 9. Nxc4 Nb6 10. Na5 Ne4 11. Bh4 Nd5 12. Nb3 Qc7 13. Bd3 Nef6 14. Re1 Nb4
15. Bb1 Bg4 16. a3 Nbd5 17. Bg3 Qb6 18. e4 Nc7 19. a4 a5 20. h3 Bxf3 21. Qxf3
Rad8 22. Be5 Na6 23. Qc3 Nb4 24. Ra3 Nd7 25. Bxg7 Kxg7 26. Nc1 Nf6 27. Ne2 Rd7
28. Rc1 Kg8 29. f4 Rfd8 30. Qe3 Nh5 31. Kh2 Ng7 32. f5 e5 33. dxe5 Qxe3 34.
Rxe3 Re8 35. e6 fxe6 36. f6 Nh5 37. e5 Rd2 38. Rf1 Nd5 39. f7+ 1-0

[Event "Copa Latina 2015"]
[Site "Vicente Lopez ARG"]
[Date "2015.03.23"]
[Round "7.11"]
[White "Barbosa, Evandro Amorim"]
[Black "Moreda, Lucas"]
[Result "1-0"]
[WhiteElo "2439"]
[BlackElo "2333"]
[PlyCount "47"]
[EventDate "2015.03.19"]
[EventType "swiss"]
[EventRounds "9"]
[EventCountry "ARG"]
[Source "lmi"]
[SourceDate "2015.03.19"]

1. e4 c6 2. d4 d5 3. Nc3 dxe4 4. Nxe4 Nf6 5. Nxf6+ gxf6 6. c3 Bf5 7. Nf3 Nd7 8.
g3 e6 9. Bg2 Bd6 10. O-O Qc7 11. Nh4 Bg6 12. a4 a5 13. Bh6 f5 14. Re1 O-O-O 15.
b4 axb4 16. a5 bxc3 17. a6 b5 18. a7 Kb7 19. Qd3 Qb6 20. Reb1 b4 21. Bf4 e5 22.
dxe5 Nxe5 23. Bxe5 Bc7 24. Bxh8 1-0

[Event "Copa Latina 2015"]
[Site "Vicente Lopez ARG"]
[Date "2015.03.23"]
[Round "7.12"]
[White "Acosta, Pablo Ismael"]
[Black "Villanueva, Mario"]
[Result "0-1"]
[WhiteElo "2304"]
[BlackElo "2430"]
[PlyCount "122"]
[EventDate "2015.03.19"]
[EventType "swiss"]
[EventRounds "9"]
[EventCountry "ARG"]
[Source "lmi"]
[SourceDate "2015.03.19"]

1. c4 Nf6 2. g3 e5 3. Bg2 c6 4. d4 e4 5. d5 Bb4+ 6. Bd2 Qe7 7. Nc3 O-O 8. Nh3
cxd5 9. cxd5 d6 10. O-O Bf5 11. a3 Bc5 12. Bg5 Nbd7 13. b4 Bb6 14. Na4 h6 15.
Bc1 Ne5 16. Nxb6 axb6 17. f3 Nc4 18. fxe4 Bxe4 19. Bxe4 Qxe4 20. Qd3 Ne5 21.
Qxe4 Nxe4 22. Nf2 Nc3 23. e4 Rac8 24. Kg2 f5 25. Bf4 fxe4 26. Bxe5 dxe5 27.
Rfe1 Rc4 28. Rac1 b5 29. Nd1 Nxd5 30. Rxc4 bxc4 31. Rxe4 c3 32. Rc4 Ra8 33. Kf3
Rxa3 34. Ke4 Nxb4 35. Nxc3 Nc6 36. Nb5 Ra2 37. Nd6 Re2+ 38. Kd5 Rxh2 39. Nxb7
Ne7+ 40. Kxe5 Rf2 41. Nd6 Rf3 42. g4 Ng6+ 43. Kd5 Rd3+ 44. Rd4 Ra3 45. Nf5 Kf7
46. Ke4 Ra7 47. Rb4 Kf6 48. Ne3 Re7+ 49. Kd4 Nf4 50. Rb6+ Re6 51. Rxe6+ Nxe6+
52. Ke4 Kg5 53. Ke5 Nc5 54. Nf5 g6 55. Ne3 Nd3+ 56. Ke4 Ne1 57. Ke5 Nf3+ 58.
Ke6 Nh2 59. Kf7 Nxg4 60. Ng2 h5 61. Kg7 Ne5 0-1